000 00421nam a2200181Ia 4500
005 20241025054158.0
008 240331s9999 xx 000 0 und d
020 _a9780143028727
082 _bGOK
_a823
100 _aGokhale,N
245 2 _aA Himalayan Love Story
260 _aNew Delhi
_bPenguin Books India
_c2002
300 _a207 p .,
650 _aLove
650 _aStory
650 _aSexuality
942 _cL
999 _c5690
_d5690